000 00605nam a2200181Ia 4500
008 090123s9999 xx 000 0 und d
082 _b3032
_a891.463/रंगणेकर
100 _aरांगणेकर कुमुदिनी
245 _aसहज मोह पडे
250 _a1
260 _bकुलकर्णी अ.अ.
300 _a131
600 _aरांगणेकर कुमुदिनी
630 _aसहज मोह पडे
700 _aरांगणेकर कुमुदिनी
730 _aसहज मोह पडे
942 _cBOOK
999 _c41112
_d41112